000 00498nam a2200181Ia 4500
003 GCL
008 140319s9999 xx 000 0 eng d
040 _aGCL /
_cGCL
082 0 4 _aCC
_b932
_bB S
100 1 _aBRUNEAU, PHILIPPE
245 1 0 _aLE SANCTUAIRE ET LE CULTE DES DIVINITES EGYPTIENNES A ERETRIE /
_cBRUNEAU, PHILIPPE
260 _a[S.N] :
_bE. J. BRILL ،
_c1975
300 _a150 P
650 0 4 _aANCIENT EGYPT
650 0 4 _aEGYPTOLOGY
650 0 4 _aEGYPT - HISTORY
942 _2ddc
_cBK
999 _c15287
_d15287